000
00332nam a22001337a 4500
008
181107b xxu||||| |||| 00| 0 eng d
020
_a
9780813549613
041
_a
eng
080
_a
316
100
_a
50
101
_a
SOC
245
_a
Making care count. A century of Gender, Race, and Paid care work
_c
Duffy, M
942
_2
udc
_c
BK
999
_c
52233
_d
52233